Southville International School and Colleges
Your cart is empty.
  • Cart
  • Lists
    Public lists Eva Luna New books Lux_list list_1
    Your lists Log in to create your own lists
  • Log in to your account
  • Your cookies
  • Search history
Southville International School and Colleges
  • Advanced search
  • Recent comments
  • Most popular
  • Libraries

Log in to your account

Log in with GOOGLE


If you do not have an external account, but do have a local account, you can still log in:

  1. Home
  2. MARC view: A comparison of the study habits of selected grade 6 students of Southville International School /
Normal view MARC view ISBD view

A comparison of the study habits of selected grade 6 students of Southville International School / (Record no. 96505)

[ view plain ]
MARC details
000 -LEADER
fixed length control field 00760nam a2200205 a 4500
003 - CONTROL NUMBER IDENTIFIER
control field 0
005 - DATE AND TIME OF LATEST TRANSACTION
control field 20250519111119.0
008 - FIXED-LENGTH DATA ELEMENTS--GENERAL INFORMATION
fixed length control field 021127s19uu xx 00 eng d
050 ## - LIBRARY OF CONGRESS CALL NUMBER
Classification number PGS LB 1049
Item number .F175 2001
100 ## - MAIN ENTRY--PERSONAL NAME
Personal name Fajardo, Elyse Matilde J.
245 ## - TITLE STATEMENT
Title A comparison of the study habits of selected grade 6 students of Southville International School /
Statement of responsibility, etc Elyse Matilde J. Fajardo.
260 ## - PUBLICATION, DISTRIBUTION, ETC. (IMPRINT)
Place of publication, distribution, etc Las Piñas City, Philippines :
Name of publisher, distributor, etc Southville International School and Colleges,
Date of publication, distribution, etc 2001.
300 ## - PHYSICAL DESCRIPTION
Extent 38 pages :
Other physical details colored illustrations ;
Dimensions 28 cm.
504 ## - BIBLIOGRAPHY, ETC. NOTE
Bibliography, etc Includes bibliographical references.<br/><br/>
650 ## - SUBJECT ADDED ENTRY--TOPICAL TERM
Topical term or geographic name as entry element Study skills.
650 ## - SUBJECT ADDED ENTRY--TOPICAL TERM
Topical term or geographic name as entry element Study habits.
650 ## - SUBJECT ADDED ENTRY--TOPICAL TERM
Topical term or geographic name as entry element Academic achievement.
650 ## - SUBJECT ADDED ENTRY--TOPICAL TERM
Topical term or geographic name as entry element Sixth grade (Education).
942 ## - ADDED ENTRY ELEMENTS (KOHA)
Source of classification or shelving scheme Library of Congress Classification
Koha item type PASS
Holdings
Withdrawn status Lost status Source of classification or shelving scheme Damaged status Home library Current library Shelving location Date acquired Source of acquisition Total Checkouts Full call number Barcode Date last seen Price effective from Koha item type
    Library of Congress Classification   Luxembourg Library Luxembourg Library Portfolio Assessment of SISC Students Section 11/27/2002 Donation   PGS LB 1049 .F175 2001 P0476 04/08/2014 04/08/2014 PASS

A comparison of the study habits of selected grade 6 students of Southville International School /

APA

Fajardo E. M. J., . (2001). A comparison of the study habits of selected grade 6 students of Southville International School. Las Piñas City, Philippines: Southville International School and Colleges.

Chicago

Fajardo Elyse Matilde J, . 2001. A comparison of the study habits of selected grade 6 students of Southville International School. Las Piñas City, Philippines: Southville International School and Colleges.

Harvard

Fajardo E. M. J., . (2001). A comparison of the study habits of selected grade 6 students of Southville International School. Las Piñas City, Philippines: Southville International School and Colleges.

MLA

Fajardo Elyse Matilde J, . A comparison of the study habits of selected grade 6 students of Southville International School. Las Piñas City, Philippines: Southville International School and Colleges. 2001.

  • Print
  • Cite
  • Add to your cart (remove)
  • Save record
    BIBTEX Dublin Core MARCXML MARC (non-Unicode/MARC-8) MARC (Unicode/UTF-8) MARC (Unicode/UTF-8, Standard) MODS (XML) RIS
  • More searches
    Search for this title in:
    Other Libraries (WorldCat) Other Databases (Google Scholar) Online Stores (Bookfinder.com) Open Library (openlibrary.org)

Exporting to Dublin Core...

SOUTHVILLE LIBRARY

Southville International School and Colleges Library

1281 Tropical Ave. Cor. Luxembourg St., BF Homes International, Las Pinas City

Tel. No. 8256374 / 252358 Loc. 117/146

Powered by Koha